01480nam a22003017a 4500001000400000003000600004005001700010008004100027020003800068022001800106040003000124050001500154082001200169100002000181245004400201246004600245250004300291260005400334300005400388490002100442490005500463500003800518500002000556520051900576521002001095521002001115650004301135436FISKH20240614100443.0230421b cb ||||| |||| 00| 0 eng d a9781426307416 (pbk. : alk. paper) 29780545333108 aDLCcDLCdDLCdFISKHbeng aQL754.M27  2591.56 1 aMarsh, Laura F.10aAmazing animal journeys /cLaura Marsh.30aGreat migrations. Amazing animal journeys aFirst Scholastic printing January 2011 aNew York : bNational Geographic Society, c2010  a48 pages. :bcolor illustrations ; maps ;c23 cm.0 aGreat migrations0 aNational Geographic kids. Science readers. Level 3 a"National Geographic kids"-Cover. aIncludes index. aEvery year like clockwork, animals both big and small are driven by a natural instinct to move, in order to survive. On both land and sea, they fight the odds and the forces of nature to breed, feed, or lead and carry on for future generations. This reader is an introduction to the treacherous trek of the zebra, walrus, and Christmas Island red crab to overcome obstacles that include hungry cheetahs, stinging yellow crazy ants, and even their fellow species to make the often impossible journey of their lives.8 a810 bLexile 8 aM bRaz-Plus  0aAnimal migrationvJuvenile literature.